Central Library OPAC University of Rajshahi

Hubert Humphrey : (Record no. 64489)

MARC details
000 -LEADER
fixed length control field 00726nam a2200229 a 4500
001 - CONTROL NUMBER
control field 64489
003 - CONTROL NUMBER IDENTIFIER
rucl marc code BD-RjUL
005 - DATE AND TIME OF LATEST TRANSACTION
control field 20211209081320.0
008 - FIXED-LENGTH DATA ELEMENTS--GENERAL INFORMATION
fixed length control field 170215s1984 nyu b 001 0 eng
035 ## - SYSTEM CONTROL NUMBER
System control number (BD-RjUL)64619
040 ## - CATALOGING SOURCE
Original cataloging agency DLC
Transcribing agency RUn
Modifying agency DLC
-- BD-RjUL
Language of cataloging eng
041 ## - LANGUAGE CODE
Language code of text/sound track or separate title eng
082 00 - DEWEY DECIMAL CLASSIFICATION NUMBER
Classification number 973.923092
Author mark and year SOH 1984
Edition number 23
100 10 - MAIN ENTRY--PERSONAL NAME
Personal name Solberg, Carl
9 (RLIN) 191316
245 04 - TITLE STATEMENT
Title Hubert Humphrey :
Remainder of title a biography /
Statement of responsibility, etc. Carl Solberg
260 ## - PUBLICATION, DISTRIBUTION, ETC. (IMPRINT)
Place of publication, distribution, etc. New York :
Name of publisher, distributor, etc. W. W. Norton & company,
Date of publication, distribution, etc. c1984
300 ## - PHYSICAL DESCRIPTION
Pagination 572 p. ;
Size 24 cm.
504 ## - BIBLIOGRAPHY, ETC. NOTE
Bibliography, etc Includes bibliographical reference and index.
600 ## - SUBJECT ADDED ENTRY--PERSONAL NAME
Personal name Humphrey, Hubert H. (Hubert Horatio), 1911-1978
650 ## - SUBJECT ADDED ENTRY--TOPICAL TERM
Topical term or geographic name as entry element Vice-Presidents
General subdivision Politics and government
9 (RLIN) 191318
942 ## - ADDED ENTRY ELEMENTS (KOHA)
Source of classification or shelving scheme Dewey Decimal Classification
Koha item type Books
Holdings
Lost status Source of classification or shelving scheme Damaged status Not for loan Collection code Permanent Location Current Location Shelving location Date acquired Source of acquisition Total Checkouts Full call number Date last seen Copy number Koha item type
  Dewey Decimal Classification   Not For Loan Non-fiction Central Library, University of Rajshahi Central Library, University of Rajshahi Reading Room 22/11/2008 U. S. A.   973.923092 SOH 1984 15/02/2017 C-1 Books